LEADER 00814nam a2200229 i 4500 001 000000166426 003 CaOOAMICUS 005 20071112000000.0 008 071112s1970 it u000 u ita u 013 $a143794 040 $aSeMil$bita 100 1 $aGadda, Carlo Emilio <1893-1973>.$0(OLS)http://semarc/name/1197 245 13$aLa Meccanica /$cCarlo Emilio Gadda. 260 $a[Milano] :$bGarzanti,$c1970. 300 $aVIII, 148 p. ;$c20 cm. 490 0 $aRomanzi moderni 830 0$aRomanzi moderni.$0(OLS)http://semarc/title/7204 850 $aSeMil 852 $aSeMil$W1$xVenegono$y1$m1B II 232$j236653$B117589$CSeMilBibl$Z2$F128266 $81 961 $aRecupero: Altro 996 $6245$aLa Meccanica$9(OLS)http://semarc/title/237764 996 $6260$a[Milano] :$bGarzanti$9(OLS)http://semarc/publisher/31829 LEADER 01615nam a2200301 4500 001 000000346875 003 CaOOAMICUS 005 20250122141904.0 008 210702s2011 it 000 u ita r 020 $a978-88-12-00025-8 040 $aSeMil$bita 100 1 $aGramsci, Antonio,$d<1891-1937>.$0(OLS)http://semarc/name/261 245 10$a2: Gennaio-novembre 1923 /$cAntonio Gramsci ; a cura di David Bidussa, Francesco Giasi e Maria Luisa Righi ; con la collaborazione di Leonardo P. D'Alessandro, Eleonora Lattanzi e Francesco Ursini. 264 1$aRoma :$bIstituto della Enciclopedia Italiana,$c2011. 300 $aXXXII, 706 p. ;$c25 cm 700 1 $aUrsini, Francesco,$d<1976- >.$0(OLS)http://semarc/name/76650 700 1 $aLattanzi, Eleonora.$0(OLS)http://semarc/name/114237 700 1 $aRighi, Maria Luisa,$d<1958- >.$0(OLS)http://semarc/name/114226 700 1 $aGiasi, Francesco,$d<1971- >.$0(OLS)http://semarc/name/103131 700 1 $aBidussa, David,$d<1955- >.$0(OLS)http://semarc/name/20637 700 1 $aD'Alessandro, Leonardo Pompeo.$0(OLS)http://semarc/name/114231 773 0 $aGramsci, Antonio <1891-1937>$t3: Epistolario.$dRoma : Istituto della Enciclopedia Italiana, 2009-$g2$w()346867 850 $aSeMil 852 $aSeMil$W1$xVenegono$y1$mSL1.N V 13$j227385$B237947$CSeMilBibl$Z2$F237947 $8I 996 $6020$a978-88-12-00025-8$9(OLS)http://semarc/number/293582 996 $6245$a2: Gennaio-novembre 1923$9(OLS)http://semarc/title/436099 996 $6264$aRoma :$bIstituto della Enciclopedia Italiana$9(OLS)http://semarc/publisher/30014